[Event "Besancon op"]
[Site "Besancon"]
[Date "2005.12.29"]
[Round "6"]
[White "Bottagisi, Aline"]
[Black "Garnier, Pascal"]
[Result "1/2-1/2"]
[WhiteElo "1690"]
[BlackElo "1690"]
[PlyCount "125"]
[EventDate "2005.12.27"]
[EventType "swiss"]
[EventRounds "7"]
[EventCountry "FRA"]
[SourceTitle "CBM 110 Extra"]
[Source "ChessBase"]
[SourceDate "2006.03.10"]
[SourceVersion "2"]
[SourceVersionDate "2006.03.10"]
[SourceQuality "1"]

1. e4 c5 2. Nc3 e6 3. g3 Nc6 4. Bg2 Nf6 5. d3 Be7 6. Nge2 a6 7. 0-0 d6 8. d4 cxd4 9. Nxd4 e5 10. Nde2 0-0 11. Bg5 Rb8 12. a4 Ne8 13. Be3 Nf6 14. Kh1 Ng4 15. Bd2 Qb6 16. Be1 Be6 17. h3 Nf6 18. b3 Qd8 19. Nd5 b6 20. Qd3 Qd7 21. Rd1 Bxh3 22. Nxf6+ Bxf6 23. Qxd6 Bxg2+ 24. Kxg2 Qb7 25. Qd7 Qxd7 26. Rxd7 Rfd8 27. Rxd8+ Rxd8 28. Bc3 Be7 29. f4 exf4 30. gxf4 Bb4 31. f5 Bxc3 32. Nxc3 Rd2+ 33. Rf2 Rxf2+ 34. Kxf2 Nd4 35. Nd5 Nxc2 36. Nxb6 Nd4 37. b4 Kf8 38. Kg3 Ke8 39. Kf4 f6 40. Nd5 Kd7 41. Nb6+ Kc7 42. Nd5+ Kd6 43. Nb6 Nc6 44. Nc4+ Kc7 45. b5 axb5 46. axb5 Nd4 47. b6+ Kc6 48. Kg4 Nb5 49. Kf4 Nd6 50. b7 Nxb7 51. e5 fxe5+ 52. Nxe5+ Kd6 53. Nf7+ Ke7 54. Ng5 h6 55. Ne4 Nd6 56. Ng3 Kf6 57. Nh5+ Kf7 58. Kg4 Ne8 59. Kh4 Nf6 60. Nf4 Nd7 61. Nh5 Ne5 62. Kg3 Nc4 63. Kf4 1/2-1/2